000 00582nam a2200193 a 4500
005 20230315063838.0
008 991125s1972 mx 000 0 spa u
035 _aUPN01000000564
049 _aCG
050 4 _aLB1027.5
_bH3.28 1972
100 1 _aHatch, Raymond N.
245 1 0 _aActividades de orientación en la escuela primaria /
_cRaymond N. Hatch, James W. Costar ; tr. Sonia Tancredi.
250 _a2a ed.
260 _aMéxico :
_bEDAMEX,
_c1972.
300 _a299 p. :
_bil.
650 4 _aOrientación vocacional
_95
700 1 _aCostar, James W.,
_ecoaut.
905 _aLibro
999 _c564
_d564